| 000 | 00983nam a22002177a 4500 | ||
|---|---|---|---|
| 005 | 20100803105629.0 | ||
| 010 | _aHIN-89959 | ||
| 020 |
_c50.00 _a8171190286 |
||
| 035 | _aHN-62305 | ||
| 037 | _bDBAD/PUB | ||
| 082 | _a821.09 | ||
| 100 |
_aमेहता, नरेश _94746 |
||
| 245 |
_aकाव्यात्मकता का दिक्-काल / _cनरेश मेहता |
||
| 246 |
_akavyatmakta Ka Dik-Kal _bby Naresh Mehta |
||
| 260 |
_aनई दिल्ली _bराधाकृष्ण प्रकाशन _c1991 |
||
| 270 |
_a2/38, अंसारी मार्ग, दरियागंज _bनई दिल्ली _e110002 |
||
| 300 |
_a100पृ. _c22सेमी.(सजिल्द) |
||
| 700 | _93937 | ||
| 942 |
_2ddc _cHN _h821.09 _mमेहता |
||
| 999 |
_c38853 _d38853 |
||